000
00316nam a22001457a 4500
003
OSt
005
20220104111513.0
008
220104b |||||||| |||| 00| 0 eng d
020
_a
0764535153
040
_c
HU
082
_a
006.696
100
_a
Reinhardt
_9
27057
245
_a
Flash 5 Bible
942
_2
ddc
_c
BOOKS
_n
0
999
_c
25951
_d
25951